Primeros Ministros de la Segunda República Española - Estadísticas

Estadísticas generales
  • Esta prueba ha sido intentada 209 veces
  • La puntuación promedio es 16 de 27
Estadísticas de respuestas
Período Nombre % Correcto
Segundo Gobierno Provisional (octubre-diciembre 1931) Manuel Azaña Díaz
94%
Primer Gobierno Constitucional (diciembre 1931-junio 1933) Manuel Azaña Díaz
94%
Junio-Septiembre 1933 Manuel Azaña Díaz
94%
Febrero-Abril 1936 Manuel Azaña Díaz
94%
Abril-Mayo 1936 Manuel Azaña Díaz
94%
Primer Gobierno Provisional (abril-octubre 1931) Niceto Alcalá-Zamora y Torres
77%
Septiembre-Octubre 1933 Alejandro Lerroux García
72%
Diciembre 1933-Marzo 1934 Alejandro Lerroux García
72%
Marzo-Abril 1934 Alejandro Lerroux García
72%
Octubre 1934-Abril 1935 Alejandro Lerroux García
72%
Abril-Mayo 1935 Alejandro Lerroux García
72%
Mayo-Septiembre 1935 Alejandro Lerroux García
72%
Mayo 1937-Abril 1938 Juan Negrín López
66%
Abril 1938-Marzo 1939 Juan Negrín López
66%
Septiembre-Noviembre 1936 Francisco Largo Caballero
65%
Noviembre 1936-Mayo 1937 Francisco Largo Caballero
65%
Mayo-Julio 1936. Guerra Civil Santiago Casares Quiroga
52%
Julio-Septiembre 1936 José Giral Pereira
37%
Octubre-Diciembre 1933 Diego Martínez Barrio
36%
Julio 1936 Diego Martínez Barrio
36%
Diciembre 1935 Manuel Portela Valladares
30%
Diciembre 1935-Febrero 1936 Manuel Portela Valladares
30%
Septiembre-Octubre 1935 Joaquín Chapaprieta Torregrosa
25%
Octubre-Diciembre 1935 Joaquín Chapaprieta Torregrosa
25%
Junta de Casado. Marzo 1939 José Miaja Menant
22%
Abril-Octubre 1934 Ricardo Samper Ibáñez
20%
Mayo 1936 Augusto Barcia Trelles
15%
No se encontraron pruebas coincidentes
Distribución de puntuación
Porcentaje de gente con cada puntuación
Porcentaje por número respondido
Historial de tus puntuaciones
No has intentado esta prueba.